000 00281nam a22001337a 4500
008 180921b xxu||||| |||| 00| 0 eng d
020 _a9780749431105
041 _aeng
080 _a371
100 _a25
101 _aEDU
245 _aE-Moderating
_cSalmon, G
942 _2udc
_cBK
999 _c48183
_d48183